Statistics for Premier League 23/24 longest total travel distance

Click here to take the quiz!

General Stats

  • This quiz has been taken 34 times
  • The average score is 8 of 9

Answer Stats

Distance (miles)Club% Correct
6883Bournemouth
100%
6323Brighton
97%
5911Everton
97%
5398Manchester City
97%
8835Newcastle
97%
5869Liverpool
93%
5426Manchester United
93%
6338Burnley
86%
5028Crystal Palace
55%

Score Distribution

Percentile by Number Answered

Percent of People with Each Score

Your Score History

You have not taken this quiz